Integračná politika ako súčasť migračnej politiky na Slovensku

Salvato in:
Dettagli Bibliografici
Autore principale: Štefančík, Radoslav, 1976-
Natura: Capitolo di libro
Lingua:slovacco
Tags: Aggiungi Tag
Nessun Tag, puoi essere il primo ad aggiungerne!!

MARC

LEADER 00000naa$a2200000$$$4500
001 0182150
005 20240502083428.5
041 0 |a slo 
044 |a CZ 
245 1 0 |a Integračná politika ako súčasť migračnej politiky na Slovensku  |c Radoslav Štefančík 
100 1 |a Štefančík, Radoslav, 1976-